000 00669nam a22002297a 4500
999 _c377207
_d377207
001 90920
003 UA-OsUOA
005 20200825170630.0
007 ta
008 20121120b un ||||| |||| 00| 0 ukr d
040 _aUA-OsUOA
_bukr
_cUA-OsUOA
_dUA-OsUOA
041 _aukr
080 _a821.161.2
090 _a821.161.2
_bР49
100 _aРибак Н.
245 _aПереяславська Рада
_bроман
260 _aК.
_bДержавне видавництво художньої літератури
_c1949
300 _a489 с.
650 7 _a82 Література. Літературознавство
_2UDC
942 _cBK
_2udc
955 _a3